Top 15 Artistes Mondiales - Statistiques

Statistiques générales
  • Ce quiz a été pris 190 fois
  • Le résultat moyen est 9 sur 15
Statistiques - réponses
Artiste Auditeurs Position Pays Chanson Populaire % Correct
Rihanna 78,9 Millions 6e Bahamas Diamonds / We Found Love
83%
Taylor Swift 90,6 Millions 3e USA Shake It Off / Blank Space
82%
Ariana Grande 71,7 Millions 10e USA 7 Rings / Thank U Next
69%
Justin Bieber 69,4 Millions 12e Canada What Do You Mean? / Sorry
68%
The Weeknd 98,5 Millions 2e Canada Blinding Lights / Starboy
67%
Billie Eilish 99,1 Millions 1er USA Bad Guy / Lovely
64%
Drake 72,3 Millions 9e USA God's Plan / Hotline Bling
64%
David Guetta 74 Millions 8e France Titanium / Memories
59%
Brunos Mars 68,5 Millions 14e USA Grenade / 24K Magic
53%
Eminem 74,3 Millions 7e USA Without Me / Rap God
52%
Sabrina Carpenter 71,2 Millions 11e USA Espresso / Thumbs
50%
Coldplay 79,6 Millions 5e Angleterre Paradise / Hymn For The Weekend
42%
Kendrick Lamar 69 Millions 13e USA Humble / All The Stars
40%
Calvin Harris 68,2 Millions 15e Angleterre We Found Love / Summer
36%
Post Malone 79,7 Millions 4e USA Rockstar / Congratulations
32%
Aucun quiz correspondant
Distribution des résultats
% des personnes avec chaque résultat
Percentile par nombre de réponses
Votre historique - résultats
Vous n’avez pas pris ce quiz